000 00714nam a2200229Ia 4500
001 11408
003 GE_BSU
008 181216s||||||||xx |||||||||||||| ||und||
040 _cGE_BSU
080 _a634(075.3)
100 _aკაჭარავა პ. მაღალაშვილი ი.
245 _aმეხილეობა
245 _bსახელმძღვანელო IX-XI კლასებისათვის
245 _cრედ: გ. გაბაშვილი
260 _aთბილისი.
260 _bცოდნა
260 _c1962
300 _a292გვ.22სმ.
300 _eილ.ცხრ.
653 _aმეხილეობა
942 _cBK
999 _c44605
_d44605